Prabability and Stochastic Processes With a Wiev Toward Applications

Salvato in:
Dettagli Bibliografici
Autore principale: Breiman, Leo
Natura: Libro
Lingua:inglese
Pubblicazione: Palo Alto Scientific Press 1986
Edizione:2. ed.
Soggetti:
Tags: Aggiungi Tag
Nessun Tag, puoi essere il primo ad aggiungerne!!

MARC

LEADER 00000nam a2200000 4500
001 c012821
005 20221220073522.5
041 0 |a eng 
044 |a US 
245 1 0 |a Prabability and Stochastic Processes  |b With a Wiev Toward Applications  |c Leo Breiman 
250 |a 2. ed. 
264 1 |a Palo Alto  |b Scientific Press  |c 1986 
300 |a 424 s. 
610 2 0 |a štatistika matematická 
610 2 0 |a metódy matematické 
610 2 0 |a ekonómia matematická 
610 2 0 |a matematika 
610 2 0 |a reťazce Markovove 
610 2 0 |a procesy Markovove 
100 1 |a Breiman, Leo